Costa Rica: Opciones para racionalizar el gasto del gobierno central /

El documento consiste en un informe acerca de la economía de Costa Rica, en espoecifíco del gasto del Gobierno Central de Costa Rica, y como se podría mitigar este gasto, es por ello que pretende ser una guía para la elaboración de estrategias de consolidación fiscal desde la perspectivas del gasto....

Повний опис

Збережено в:
Бібліографічні деталі
Автор: Nozaki, Masahiro
Співавтор: Fondo Monetario Internacional (FMI)
Інші автори: Kolerus, Christina, Mulas Granados, Carlos, Soto, Mauricio
Формат: Книга
Мова:Spanish
Опубліковано: Costa Rica: FMI. Departamento de Finanzas Públicas; 2013
Предмети:
Теги: Додати тег
Немає тегів, Будьте першим, хто поставить тег для цього запису!

MARC

LEADER 00000nam a22000007a 4500
003 cru CIDCACS/IIS
005 20230529102227.0
008 220307s2013 cr ||||| |||| 00| 0 spa d
020 |a [sin ISBN] 
040 |a Centro de Recursos para el Aprendizaje y la Investigación  |b español  |c cru IIS 
090 |a 03.02.02 N961o 
100 |9 10273  |a Nozaki, Masahiro 
110 |9 10272  |a Fondo Monetario Internacional (FMI) 
245 1 |a Costa Rica:  |b Opciones para racionalizar el gasto del gobierno central /   |c Masahiro Nozaki 
260 |a Costa Rica:  |b FMI. Departamento de Finanzas Públicas;  |c 2013 
300 |a 59 páginas 
500 |a Colección Centroamérica 
520 3 |a El documento consiste en un informe acerca de la economía de Costa Rica, en espoecifíco del gasto del Gobierno Central de Costa Rica, y como se podría mitigar este gasto, es por ello que pretende ser una guía para la elaboración de estrategias de consolidación fiscal desde la perspectivas del gasto. 
650 0 0 |0 TESAUROS  |9 410  |a GOBIERNO CENTRAL 
650 0 0 |9 3001  |a RACIONAMIENTO 
650 0 0 |9 6297  |a GASTOS FISCALES 
651 0 |9 32  |a COSTA RICA 
700 |9 10274  |a Kolerus, Christina  
700 |9 10275  |a Mulas Granados, Carlos 
700 |9 10276  |a Soto, Mauricio 
852 1 1 |a 03.02.02 N961o 
942 |2 ddc  |c LI  |h 03.02.02 N961o  |k 03.02.02  |m N961o  |6 030202_N961O 
999 |c 44118  |d 44118